000 00776nam a22002297a 4500
999 _c22467
_d22467
003 AR-CdUCM
008 190319b ||||| |||| 00| 0 spa d
020 _a9786123190965
040 _aMUNICIPALIDAD PROVINCIAL DEL CUSCO
_cBIBLIOTECA MUNICIPAL DEL CUSCO
082 _a610/H87
_bH87
_2primera
100 _aHuerta, Elmer
_948269
245 _a100 preguntas sobre tu salud /
_cElmer Huerta
260 _aLima :
_bPlaneta,
_bIndustria Gráfica Cimagraf,
_c2020.
300 _a230 páginas. :
_c23 cm.
500 _aCien preguntas sobre tu salud
_aIncluye índice temático p. 219-230.
650 _aMedicina
_93637
650 _aSalud
_98684
650 _aPreguntas y respuestas
_919463
650 _aConsejos, reflexiones, etc
_948270
942 _2ddc
_cLIBROS
945 _arac